000
00293nam a22001097a 4500
082
_a
P-790
100
_a
Muhammad Asim
_9
51450
245
_a
Deep Excavation Support System in Urban Environment
_b
Syn#31
526
_a
0
_b
0
_c
0
_d
P_790
700
_a
Col Dr Kamran Akhtar
_9
51451
942
_2
ddc
_c
BK
999
_c
554128
_d
554128